000 00949nam a2200265 i 4500
001 12099
003 ES-MaACL
005 20250815063215.0
007 t|
008 970410s1989 sp |||| | spa d
020 _a84-87137-04-0
080 _a860-43"17"
080 _a39(460)(05)"17"
100 1 _aClavijo y Fajardo, José,
_d1726-1806
_939144
245 1 0 _aAntología de "El Pensador" /
_cJosé Clavijo y Fajardo ; [edición de Sebastián de la Nuez Caballero].
260 _a[Santa Cruz de Tenerife] :
_bViceconsejería de Cultura y Deportes, Gobierno de Canarias,
_c1989.
300 _a302 p. ;
_c21 cm.
490 1 _aBiblioteca básica canaria ;
_v10
630 3 7 _aEl Pensador.
_9121046
700 1 _aNuez, Sebastián de la.
_986128
710 1 _aCanarias.
_bViceconsejería de Cultura y Deportes.
_92427
830 0 _aBiblioteca básica canaria ;
_v10
_9177611
852 _aES-MaACL
_jL-19489
999 _c12099
_d12099